000
00325nam a2200133Ia 4500
005
20251222143109.0
008
251222s9999||||xx |||||||||||||| ||spa||
020
_a
950-808-403-0
082
_a
155.43/G49
100
_a
Giraldi, Graciela M.
245
0
_a
El NiƱo en la Encrucijada:
264
_b
Homo Sapiens
942
_c
LIB
999
_c
11113
_d
11113